Vzorec kľúčových generátorov hodnoty

Hodnota spoločnosti a z nej vyplývajúca vnútorná hodnota akcií závisí predovšetkým na schopnosti spoločnosti vyhľadávať investície, ktoré prinesú rast zisku, ktorý prevýši náklady na jej kapitál. To je podstata vzorca kľúčových generátorov hodnoty.

Enregistré dans:
Détails bibliographiques
Auteur principal: Hrvoľová, Božena
Format: Chapitre de livre
Langue:slovaque
Sujets:
Tags: Ajouter un tag
Pas de tags, Soyez le premier à ajouter un tag!

MARC

LEADER 00000naa$a2200000$$$4500
001 0096292
005 20240502072052.9
041 0 |a slo 
044 |a SK 
245 1 0 |a Vzorec kľúčových generátorov hodnoty  |c Božena Hrvoľová 
520 |a Hodnota spoločnosti a z nej vyplývajúca vnútorná hodnota akcií závisí predovšetkým na schopnosti spoločnosti vyhľadávať investície, ktoré prinesú rast zisku, ktorý prevýši náklady na jej kapitál. To je podstata vzorca kľúčových generátorov hodnoty. 
610 2 0 |a spoločnosti 
610 2 0 |a hodnota 
610 2 0 |a vzorce 
610 2 0 |a akcie 
610 2 0 |a investície 
610 2 0 |a výnosy podnikové 
100 1 |a Hrvoľová, Božena